| 000 | 00728nam a22002177a 4500 | ||
|---|---|---|---|
| 999 |
_c10754 _d10754 |
||
| 003 | AR-CdUCM | ||
| 008 | 190401b ||||| |||| 00| 0 spa d | ||
| 040 |
_aMUNICIPALIDAD PROVINCIAL DEL CUSCO _cBIBLIOTECA MUNICIPAL DEL CUSCO |
||
| 082 |
_a869.56 / _bZ44H |
||
| 100 |
_aZegarra Guzman, Cosme _925286 |
||
| 245 | _aEl hombre te alcanzará / | ||
| 260 |
_aLima : _bRimac, _c1960. |
||
| 300 |
_a125 páginas ; _c17 cm. |
||
| 500 | _aDonacion de la familia Nieto. Dedicatoria a Luis Nieto. | ||
| 505 | _aContenido: Final y partida -- Un poema a la Madre -- Dos poemas en Quechua ... | ||
| 650 |
_aSiglo XX _98 |
||
| 650 |
_aLiteratura Peruana _9132 |
||
| 650 |
_aPoemas Peruanos _91040 |
||
| 942 |
_2ddc _cLIBROS |
||
| 945 | _acmm | ||